Pokemon sans voyelles #3 - Statistiques

Statistiques générales
  • Ce quiz a été pris 90 fois
  • Le résultat moyen est 15 sur 20
Statistiques - réponses
Indices Réponses % Correct
CHTFLR Chétiflor
97%
MGCRP Magicarpe
94%
MTMRPH Métamorph
91%
DRCLSS Dracolosse
90%
JNGK Jungko
89%
GLKNG Galeking
85%
LMPGNN Lampignon
85%
PLGRFF Polagriffe
80%
JRCH Jirachi
77%
HPTRMP Hypotrempe
76%
TG-TG Tag-Tag
76%
KRVRCH Kravarech
72%
LZRGS Lézargus
72%
RTNTF Ratentif
72%
TTS-D-FR Têtes-de-Fer
72%
SHFRS Shifours
66%
BKGLCN Bekaglaçon
63%
BTRCN Batracné
57%
RCRNG Roucarnage
56%
VRSTR Vorastérie
51%
Aucun quiz correspondant
Distribution des résultats
% des personnes avec chaque résultat
Percentile par nombre de réponses
Votre historique - résultats
Vous n’avez pas pris ce quiz